| 000 | 00361nam a2200133Ia 4500 | ||
|---|---|---|---|
| 008 | 240624s9999 xx 000 0 und d | ||
| 041 | _aeng | ||
| 082 | _a658 MIT | ||
| 100 | _aMITTAL A C | ||
| 245 | _aHUMAN EFFICIENCY AND BUSINESS MANAGEMENT | ||
| 260 |
_c2010 _aDelhi _bVista International Publishing House |
||
| 300 | _a254 : p. : cm. ; 22 | ||
| 365 |
_cRS _b20 |
||
| 999 |
_c16087 _d16087 |
||